000 00899nas a2200277 4500
001 BR8201647
003 BR-BrBNA
005 20231205085105.0
007 ta
008 230509b bl.|||p| |||| 00| 00por d
040 _aBR-BrBNA
_bpor
_cBiblioteca Nacional de Agricultura
041 _a(Pt)
072 _aH10; H60
100 1 _aFerraz, L.C.C.B.
100 1 _aPitelli, R.A.
100 1 _aSoubhia, F.
245 1 _aNematoides associados a plantas daninhas na regiao de Jaboticabal, Sao Paulo. Segundo relato [Brasil]
246 1 _aNematodes associated with weeds in the region of Jaboticabal, Sao Paulo [Brazil]
650 _aERVA DANINHA
650 _aNEMATOIDE
650 _aHOSPEDEIRO VEGETAL
650 _aSAO PAULO
773 0 _tPlanta Daninha (Brazil)
_xISSN 0100-8358
_g(Jun 1982), v. 5(1) p. 1-5
_wBR8201647
909 _a202311
_bLúcia
_c55
_dLúcia Elande
942 _2AGRIS
_n0
_cANA
999 _c109149
_d109149